000 00656nam a2200253Ia 4500
003 OSt
005 20220918163210.0
006 a|||||r|||| 00| 0
007 ta
008 220917b |||||||| |||| 00| 0 eng d
020 _a0 236 17658 7
024 _a22,605
037 _cTextual
040 _aARTS
_cARTS
_beng
041 _2eng
_aeng
082 _aO111,3L83:g, L1
100 _aWood Micheal
_911961
245 0 _aStendhal Micheal Wood
260 _aLondon
_bElek Books UK
_c1971
300 _a208p.
_ccm.
650 _aENGLISH LITERATURE
942 _hO111,3L83:g, L1
_cTEXL
_2CC
999 _c118406
_d118406